000 00760nam a22001937a 4500
005 20110905111035.0
010 _aG-001264
020 _a9788190598033
_c150.00
035 _aG-001264
082 _a954.0841
100 _aMukherji, Barun
_934312
245 _aNetaji Subhas Chandra Bose:
_bconcept of socialism and role in working class movement /
_cby Barun Mukherji
260 _aKolkata:
_bBibliophil
_c2008
270 _a206, Bidhan Sarani
_bKolkata,
_e700006
300 _a70p.
_bphotos (B&W);
_c23 cm (Hb)
500 _aIncludes bibliographical references
942 _2ddc
_cEN
_h954.0841
_mMUK
999 _c56273
_d56273